000 02168nam a2200373 4500
003 EC-UNACH
005 20250512161614.0
006 s||||gr|||| 00| 00
008 150116t9999 mx r gr 000 0 spa d
020 _a10121498
040 _aEC-UNACH
_cEC-UNACH
041 _aspa
082 0 4 _223
_a300
_bL017724
110 _aCentro Andino de Acción Popular (CAAP)
245 _aEcuador Debate N°67. Memorias de la Izquierda
250 _aPrimera edición
264 _aQuito - Ecuador
_bCAAP
_c2006
300 _a194 páginas
_bCuadros, Tablas
_c14,5 X 21 cm
505 _aCOYUNTURA.- Gobierno y democracia entre pruebas de fuerza, debilidades extremas. Rentismo o vivir a costa de los demás. Conflictividad socio-político: noviembre 2005-febrero 2006. -- TEMA CENTRAL.- Entre la oposición y la colaboración. El Partido Socialista Ecuatoriano durante el gobierno de Galo Plaza (1948-1952). ¡Alfaro vive carajo! y la lucha por el olvido. De la "traición aprista" al "gesto heroico": Luis de la Puente Uceda y la guerrilla del MIR. Apuntes dispersos sobre la izquierda boliviana en su relación con los intelectuales y el movimiento étnico. Guerrilla rural en Chile: La Batalla del Fundo San Miguel (1968). -- DEBATE AGRARIO-RURAL.- Impactos locales de un cluster globalizado. ¿En el sendero de una potencia acui-industrial de carácter glocal?. Sostenibilidad de los usos de subsistencia de la biodiversidad en un área protegida de la Amazonia ecuatoriana: un análisis biofísico. --ANÁLISIS.- La identidad y la representación, elementos para una reflexión critica sobre la idea de región. -- RESEÑAS.- A 35 años de "relaciones interétnicas en Riobamba".
650 _aDEMOCRACIA
650 _aRENTISMO
650 _aCLUSTER GLOBALIZADO
650 _aINTERÉTNICAS RIOBAMBA
650 _aDEBATE AGRARIO
700 _aValenzuela Feijóo, José
700 _aIbarra, Hernán
700 _aRénique, José Luis
700 _aNeira, Francisco
942 _2ddc
_c1
999 _c13501